000 04338nam a2200241Ia 4500
003 OSt
005 20241109105445.0
008 210210b1963 xxu||||| |||| 00| 0 eng d
040 _cAL
041 _aKonkani
082 _a230/187
100 _aRakno
_9184240
_dರಾಕಣೊ
245 _aRakno: silver jubilee number 1939-1963
_bರಾಕಣೊ ರೂಪ್ಯೋತ್ಸವಾಚೊ ಅಂಕೊ
260 _aMangalore
_bNot Mentioned
_c1963
520 _aಸಮರ್ಪಣ್, ಆಟಾಪ್, ಆಮ್ಚಾ ಗೊವ್ಳಿ -ಬಾಪಾಚೊ ಸಂದೇಶ್, ಹೆರ್ ಸಂದೇಶ್, ರುಪೋತ್ಸವಾ ದಿಸಾ, ರಾಷ್ಟ್ರ ಉಲಯ್ತಾ, ಪ್ರಜಾರಾಜಾ ಪಾಸುನ್ ಮಾಗ್ಲೆ೦, ಸ್ವಾತಂತ್ರಾಯೆಚಿ ಘಡಿ, ರಾಕ್ಣೊಚಿಂ ಪಂಚೀಸ್ ವರ್ಸಾ೦, ತಾಂಕಾಂ ಸಮಧಾನ್ ಮೆಳ್ಳೆಂ, ಬೋವ್ ಭಾಗೆವಂತ್ ತ್ರಿ೦ದಾದಿಕ್ ಗೀತ್, ಮಂಗ್ಲುರ್ಚಾ ಕ್ರಿಸ್ತಾಂವ್ರಣಾಚಿ ಸಂಕ್ಷಿಪ್ತ ಚರಿತ್ರಾ (1 ಭಾಗ್), ರಾಕ್ಣೊ ಶತಕ್ ಜಿಯೊಂ, ಹಾಣಿಂ ಕೊಂಕ್ಲಿ ಭಾಷೆಚಿ ಸೆವಾ ಕೆಲಿ,ಮಾತೃ ಭೂಮಿ, ಕ್ರಿಸ್ತಾಂವ್ ಪುರಾಣಾಂತ್ಲಿ ವಿಂಚವ್, ನಿಮಾಣೆ ಮೀಸ್, ಕೊಂಕ್ಣಿ ವಿದ್ವಾಂಸ್ ಮಾಫೇ ಬಾಪ್, ಬರ್ಯಾ ಬರ್ಪಾಚೆ ಶಾರತಿ ಸಾಂತ್, ಆಮ್ಚಿ ಸಂಸ್ಕೃತಿ, ಕೆನರಾ ಕ್ರಿಸ್ತಾಂವಾಂಚಿ ಬಂಧಡ್ ಮೊಜೊ ಪೂತ್ ಪಾದ್ರಿ ?, ತುಂ ಮಾಕಾ ಶಿಕಯ್, ಫಾದರ್ ಮುಲ್ಲರಾಚಿ ಆಸ್ಪತ್ರ್ , ಮಂಗ್ಲುರ್ಚಾ ಕ್ರಿಸ್ತಾಂವ್ಪ್ ಣಾಚಿ ಸಂಕ್ಷಿಪ್ತ ಚರಿತ್ರಾ (೨ ಭಾಗ್), ಮಾಯಾಕ್ ಜಾಲ್ಲೆ೦ ಕಾಂಕಾಣ್, ಸಾಂತ್ ಆಂತೊನಿಚೊ ಆಸ್ರೊ , ಭಾಸಾಯ್ಲ್ಯಾ ಗಾಂವಾಂತ್ * ಆಮಿ, ಕಥೊಲಿಕ್ ಜಿಣಿಯೆ-ತತ್ವ್, ಸಾಂ ಜುಜೆಚೊ ಆಸ್ರೊ ಆನಿ ಕಾಮಾಸ್ಥಳ್, ಕೋಂತ್ತಾರ್ದೋ ಫರೀನಿ, ಆಧುನಿಕ್ ಚಿಕಿತ್ಸಾ ಕ್ರಮ್ -ಹೋಮಿಯೋಪತಿ, ಆರೋಗ್ಯ ಮತ್ತು ಅದರ ರಕ್ಷಣೆ, ರೊಜಾರ್ ಸಾಯ್ಬಿಣಿಚಿ ಖೆವಾದ್ ಆಸ್ಪತ್ರ್, The Credentials of Adaptation, Adventures of Sister Philip Neri, Your Child and You, Catholic Education in Mangalore, ಮಂಗ್ಲುರ್ಚಾ ಕ್ರಿಸ್ತಾಂಕ್ಷಣಾಚಿ ಸಂಕ್ಷಿಪ್ ಚರಿತ್ರಾ (Il ಭಾಗ್), ಆಮ್ಮೆಂ ಕೊಡಿಯಾಲ್‌ ಬೈಲ್ ಪ್ರೆಸ್, ಅಂತ್ರಳಾಕ್ ಪಯಣ್, ಸ್ಪರ್ಧೆ-ರಾಕ್ಣೊ ಶಬ್ದಾಂವಳ್ -6, ಭುರ್ಗ್ಯಾಂಚೊ ಕೊನ್ಸೊ, ಪಿಲೊ ಜುವಾಂವ್ ಆನಿ ತಾಚಿಂ ಸೈರಿಂ, ಅಬಾಚಿ ಬಹಾದುರಿ, ಟಿಬೆಟ್- ಮಾಡ್ತಿರಾಂಚೆಂ ಘರ್, ಮುಡೆ ಬಾಂದ್‌ಯಾಂಗಿ? ಬಾಂದ್ಯಾಂ!, ತಾಕಾ ಮಾಗ್ಲೆಂ ಕರುಂಕ್ ತಾಂಕ್ಲೆನಾ , ಗಾದಿ ಯಾ ಮ್ಹ ಣ್ಯೊ, * ಧಾಂತ್ ಏಕ್ ದೆವಾಕ್ ದಿ' - ಕಿತ್ಯಾಕ್ ?, ಛಾಪ್ಯಾಚಿ ಕಥಾ, ತುಜಿ ಜವಾಬ್ದಾರಿ, ತುಜೆಂ ಭಾಗ್- ಕಿತ್ಯಾಕ್ ವಿಸರಾಯ್ ?, ರಾಷ್ಟ್ರಾಕ್ ಸನ್ಮಾನ್, ಒಲಿವೆತ್ ಮೇಳ್, ಗುಪಿತ್ ಕಾರ್ಮೆಲಿಚಿ ಕಥಾ, ನಿತಳಾಯ್, ಸಮಾಜಿಚೆಂ ಮಾಣಿಕ್
650 _aRaknno
_9184241
650 _aSouth Kanara /South Canara
_9184257
650 _aRakno issue 25- number 50
_9184244
650 _ahistory of mangalore christians
_9184242
690 _aKonkani Miscellaneous
_9184243
906 _a001423
942 _2ddc
_cBK
999 _c120838
_d120838